00633nam a2200157 a 450000100100000000500170001000800410002704000250006824500840009324600490017726000550022630000360028165000360031795201050035399900170045800003815320260429123223.0130319s2012 dr d 000 0 spa d aDO-SdBNPbspacBNPHU10a4to. informe de la observación electoral :belecciones presidenciales 2012 /.13aCuarto informe de la observación electoral aSanto Domingo :bParticipación Ciudadana,c2012. a24 p. :bil., gráf. ;c22 cm.20aParticipación política9456 0010718PDaPDbPDcCTd2013-03-19iLF1l0o p38153-10r2020-06-25w2020-06-25yLFPDZNo se presta c37643d37643